<?xml version="1.0" encoding="UTF-8"?>
<record
    xmlns:xsi="http://www.w3.org/2001/XMLSchema-instance"
    xsi:schemaLocation="http://www.loc.gov/MARC21/slim http://www.loc.gov/standards/marcxml/schema/MARC21slim.xsd"
    xmlns="http://www.loc.gov/MARC21/slim">

  <leader>00365nam a22001577a 4500</leader>
  <controlfield tag="003">OSt</controlfield>
  <controlfield tag="005">20240410101646.0</controlfield>
  <controlfield tag="008">190128b        xxu||||| |||| 00| 0 eng d</controlfield>
  <datafield tag="020" ind1=" " ind2=" ">
    <subfield code="a">9353167523</subfield>
  </datafield>
  <datafield tag="040" ind1=" " ind2=" ">
    <subfield code="c">IIMT UNIVERSITY</subfield>
  </datafield>
  <datafield tag="100" ind1=" " ind2=" ">
    <subfield code="a">DUGGAL SK</subfield>
  </datafield>
  <datafield tag="245" ind1=" " ind2=" ">
    <subfield code="a">SURVEYING VOL-2</subfield>
  </datafield>
  <datafield tag="260" ind1=" " ind2=" ">
    <subfield code="a">DELHI</subfield>
    <subfield code="b">MC GRAW HILL PUB</subfield>
    <subfield code="c">2012</subfield>
  </datafield>
  <datafield tag="300" ind1=" " ind2=" ">
    <subfield code="a">449</subfield>
  </datafield>
  <datafield tag="942" ind1=" " ind2=" ">
    <subfield code="2">ddc</subfield>
    <subfield code="c">02</subfield>
    <subfield code="e">3ED</subfield>
  </datafield>
  <datafield tag="999" ind1=" " ind2=" ">
    <subfield code="c">44639</subfield>
    <subfield code="d">44639</subfield>
  </datafield>
  <datafield tag="952" ind1=" " ind2=" ">
    <subfield code="0">0</subfield>
    <subfield code="1">0</subfield>
    <subfield code="2">ddc</subfield>
    <subfield code="4">0</subfield>
    <subfield code="7">0</subfield>
    <subfield code="a">01</subfield>
    <subfield code="b">01</subfield>
    <subfield code="d">2019-01-28</subfield>
    <subfield code="e">127 LIBRARAY IIMT</subfield>
    <subfield code="p">01-B-128318</subfield>
    <subfield code="r">2019-01-28</subfield>
    <subfield code="u">civil engg</subfield>
    <subfield code="w">2019-01-28</subfield>
    <subfield code="y">02</subfield>
  </datafield>
  <datafield tag="952" ind1=" " ind2=" ">
    <subfield code="0">0</subfield>
    <subfield code="1">0</subfield>
    <subfield code="2">ddc</subfield>
    <subfield code="4">0</subfield>
    <subfield code="7">0</subfield>
    <subfield code="a">01</subfield>
    <subfield code="b">01</subfield>
    <subfield code="d">2019-01-28</subfield>
    <subfield code="e">127 LIBRARAY IIMT</subfield>
    <subfield code="l">2</subfield>
    <subfield code="p">01-B-128319</subfield>
    <subfield code="r">2020-01-14</subfield>
    <subfield code="s">2019-10-11</subfield>
    <subfield code="u">civil engg</subfield>
    <subfield code="w">2019-01-28</subfield>
    <subfield code="y">02</subfield>
  </datafield>
  <datafield tag="952" ind1=" " ind2=" ">
    <subfield code="0">0</subfield>
    <subfield code="1">0</subfield>
    <subfield code="2">ddc</subfield>
    <subfield code="4">0</subfield>
    <subfield code="7">0</subfield>
    <subfield code="a">01</subfield>
    <subfield code="b">01</subfield>
    <subfield code="d">2019-01-28</subfield>
    <subfield code="e">127 LIBRARAY IIMT</subfield>
    <subfield code="l">1</subfield>
    <subfield code="p">01-B-128320</subfield>
    <subfield code="r">2020-12-10</subfield>
    <subfield code="s">2020-02-18</subfield>
    <subfield code="u">civil engg</subfield>
    <subfield code="w">2019-01-28</subfield>
    <subfield code="y">02</subfield>
  </datafield>
  <datafield tag="952" ind1=" " ind2=" ">
    <subfield code="0">0</subfield>
    <subfield code="1">0</subfield>
    <subfield code="2">ddc</subfield>
    <subfield code="4">0</subfield>
    <subfield code="7">0</subfield>
    <subfield code="a">01</subfield>
    <subfield code="b">01</subfield>
    <subfield code="d">2019-01-28</subfield>
    <subfield code="e">127 LIBRARAY IIMT</subfield>
    <subfield code="l">1</subfield>
    <subfield code="p">01-B-128321</subfield>
    <subfield code="r">2021-01-19</subfield>
    <subfield code="s">2020-02-14</subfield>
    <subfield code="u">civil engg</subfield>
    <subfield code="w">2019-01-28</subfield>
    <subfield code="y">02</subfield>
  </datafield>
  <datafield tag="952" ind1=" " ind2=" ">
    <subfield code="0">0</subfield>
    <subfield code="1">0</subfield>
    <subfield code="2">ddc</subfield>
    <subfield code="4">0</subfield>
    <subfield code="7">0</subfield>
    <subfield code="a">01</subfield>
    <subfield code="b">01</subfield>
    <subfield code="d">2019-01-28</subfield>
    <subfield code="e">127 LIBRARAY IIMT</subfield>
    <subfield code="l">1</subfield>
    <subfield code="m">1</subfield>
    <subfield code="p">01-B-128322</subfield>
    <subfield code="r">2021-09-02</subfield>
    <subfield code="s">2020-02-18</subfield>
    <subfield code="u">civil engg</subfield>
    <subfield code="w">2019-01-28</subfield>
    <subfield code="y">02</subfield>
  </datafield>
  <datafield tag="952" ind1=" " ind2=" ">
    <subfield code="0">0</subfield>
    <subfield code="1">0</subfield>
    <subfield code="2">ddc</subfield>
    <subfield code="4">0</subfield>
    <subfield code="7">0</subfield>
    <subfield code="a">01</subfield>
    <subfield code="b">01</subfield>
    <subfield code="d">2019-01-28</subfield>
    <subfield code="e">127 LIBRARAY IIMT</subfield>
    <subfield code="l">1</subfield>
    <subfield code="p">01-B-128323</subfield>
    <subfield code="r">2020-11-20</subfield>
    <subfield code="s">2020-02-18</subfield>
    <subfield code="u">civil engg</subfield>
    <subfield code="w">2019-01-28</subfield>
    <subfield code="y">02</subfield>
  </datafield>
  <datafield tag="952" ind1=" " ind2=" ">
    <subfield code="0">0</subfield>
    <subfield code="1">0</subfield>
    <subfield code="2">ddc</subfield>
    <subfield code="4">0</subfield>
    <subfield code="7">0</subfield>
    <subfield code="a">01</subfield>
    <subfield code="b">01</subfield>
    <subfield code="d">2019-01-28</subfield>
    <subfield code="e">127 LIBRARAY IIMT</subfield>
    <subfield code="l">1</subfield>
    <subfield code="p">01-B-128324</subfield>
    <subfield code="r">2019-07-26</subfield>
    <subfield code="s">2019-04-23</subfield>
    <subfield code="u">civil engg</subfield>
    <subfield code="w">2019-01-28</subfield>
    <subfield code="y">02</subfield>
  </datafield>
  <datafield tag="952" ind1=" " ind2=" ">
    <subfield code="0">0</subfield>
    <subfield code="1">0</subfield>
    <subfield code="2">ddc</subfield>
    <subfield code="4">0</subfield>
    <subfield code="7">0</subfield>
    <subfield code="a">01</subfield>
    <subfield code="b">01</subfield>
    <subfield code="d">2019-01-28</subfield>
    <subfield code="e">127 LIBRARAY IIMT</subfield>
    <subfield code="l">2</subfield>
    <subfield code="p">01-B-128325</subfield>
    <subfield code="r">2022-12-23</subfield>
    <subfield code="s">2022-11-24</subfield>
    <subfield code="u">civil engg</subfield>
    <subfield code="w">2019-01-28</subfield>
    <subfield code="y">02</subfield>
  </datafield>
  <datafield tag="952" ind1=" " ind2=" ">
    <subfield code="0">0</subfield>
    <subfield code="1">0</subfield>
    <subfield code="2">ddc</subfield>
    <subfield code="4">0</subfield>
    <subfield code="7">0</subfield>
    <subfield code="a">01</subfield>
    <subfield code="b">01</subfield>
    <subfield code="d">2019-01-28</subfield>
    <subfield code="e">127 LIBRARAY IIMT</subfield>
    <subfield code="p">01-B-128326</subfield>
    <subfield code="r">2019-01-28</subfield>
    <subfield code="u">civil engg</subfield>
    <subfield code="w">2019-01-28</subfield>
    <subfield code="y">02</subfield>
  </datafield>
  <datafield tag="952" ind1=" " ind2=" ">
    <subfield code="0">0</subfield>
    <subfield code="1">0</subfield>
    <subfield code="2">ddc</subfield>
    <subfield code="4">0</subfield>
    <subfield code="7">0</subfield>
    <subfield code="a">01</subfield>
    <subfield code="b">01</subfield>
    <subfield code="d">2019-01-28</subfield>
    <subfield code="e">127 LIBRARAY IIMT</subfield>
    <subfield code="l">3</subfield>
    <subfield code="m">1</subfield>
    <subfield code="p">01-B-128327</subfield>
    <subfield code="r">2020-08-04</subfield>
    <subfield code="s">2020-02-06</subfield>
    <subfield code="u">civil engg</subfield>
    <subfield code="w">2019-01-28</subfield>
    <subfield code="y">02</subfield>
  </datafield>
</record>
